000
00250nam a2200097Ia 4500
001
681560
005
20250826161402.0
008
250824s9999 xx 000 0 und d
245
0
_a
GULLIVER İN GEZİLERİ
_c
JONATHAN SWİFT
260
_b
AKVARYUM YAYINEVİ
999
_c
681560
_d
681560